| 000 | 00500nab a2200157Ia 4500 | ||
|---|---|---|---|
| 003 | ES-SlBCS | ||
| 005 | 20210601125530.0 | ||
| 008 | 140529s2000 xxu||||| |||| 00| 0 eng d | ||
| 041 | _aeng | ||
| 100 | 1 |
_aReich, Ronny _992811 |
|
| 245 | 0 | 4 |
_aThe System of Rock-cut Tunnels near Gihon in Jerusalem reconsidered _c Ronny Reich, Eli Shukron |
| 651 | 4 |
_aJerusalén _992390 |
|
| 700 | 1 |
_aShukron, Eli _9160017 |
|
| 773 | 0 |
_tRevue Biblique Internacionale _gvol. 107, 2000, págs. 5-17 _wRev879 |
|
| 942 | _cAR | ||
| 999 |
_c531811 _d531811 |
||